| 000 | 00639nam a2200181Ia 4500 | ||
|---|---|---|---|
| 003 | GCL | ||
| 008 | 140319s9999 xx 000 0 ara d | ||
| 040 |
_aGCL / _cGCL |
||
| 082 | 0 | 4 |
_a155.23 _bم ا |
| 100 | 1 | _aسعاد عقاد موصللى | |
| 245 | 1 | 0 |
_aاسقاط الشخصية فى اختبار تفهم الموضوع: منهج لدراسة الشخصيةرائذ شبيه ال A.T.A / _cسعاد عقاد موصللى |
| 300 | _a143 ص | ||
| 490 |
_aالهيئة العامة للاستعلامات _v0 |
||
| 650 | 0 | 4 | _aعلم النفس |
| 650 | 0 | 4 | _aالشخصية |
| 650 | 0 | 4 | _aعلم نفس الشخصية |
| 942 |
_2ddc _cBK |
||
| 999 |
_c49484 _d49484 |
||